| 000 | 00739cam a2200229 a 4500 | ||
|---|---|---|---|
| 001 | 000008945 | ||
| 005 | 20200929161440.0 | ||
| 008 | 080630s2001 ve 001 0 spa | ||
| 020 | _a980001828X | ||
| 040 |
_aDO-SdBNP _bspa _cLC _dBNPHU |
||
| 082 |
_aV863.44 _bL334L |
||
| 100 | 1 |
_aLarrosa, Jorge. _923529 |
|
| 245 | 1 | 3 |
_aLa liberación de la libertad y otros textos / _cJorge Larrosa. |
| 260 |
_aCaracas : _bCentro de Investigaciones Postgrado, _c2001. |
||
| 300 |
_a132 p. ; _c21 cm. |
||
| 490 | 1 |
_aCátedra de Estudios Avanzados _v5 |
|
| 650 | 4 |
_aCuentos venezolanos _93815 |
|
| 650 | 4 |
_aLiteratura venezolana _93816 |
|
| 830 | 0 |
_aCátedra de Estudios Avanzados ; _v5 _923530 |
|
| 910 | _aCatalogación por copia / LC | ||
| 049 | _aBNGR | ||
| 999 |
_c8710 _d8710 |
||